Sports Quiz

Random Sports Quiz

MLB (NL) Second to Bonds Quiz Stats

 Plays Quiz not verified by Sporcle

Challenge
Share
Tweet
Embed
Score 0/63 Timer 08:00
0 Plays Today
Hint Answer % Correct
2001 Home RunsSammy Sosa
97.6%
2001 WalksSammy Sosa
97.6%
2001 SluggingSammy Sosa
97.6%
2001 OPSSammy Sosa
97.6%
2001 MVP VotingSammy Sosa
97.6%
2003 SluggingJavy Lopez
90.5%
1998 Intentional WalksMark McGwire
89.7%
2002 MVP VotingAlbert Pujols
88.9%
2003 OPSAlbert Pujols
88.9%
2003 MVP VotingAlbert Pujols
88.9%
2004 SluggingAlbert Pujols
88.9%
2006 OBPAlbert Pujols
88.9%
2004 Walks3-way tie
81.7%
2003 WalksT. Helton/J. Thome
81%
1993 Intentional WalksLarry Walker
80.2%
2001 OBPLarry Walker
80.2%
2002 Batting AverageLarry Walker
80.2%
2003 OBPTodd Helton
76.2%
2004 Batting AverageTodd Helton
76.2%
2004 OBPTodd Helton
76.2%
2004 OPSTodd Helton
76.2%
2007 WalksTodd Helton
76.2%
2007 OBPTodd Helton
76.2%
1997 WalksJeff Bagwell
74.6%
1997 Intentional WalksJeff Bagwell
74.6%
2006 Intentional WalksRyan Howard
68.3%
2007 Intentional WalksRyan Howard
68.3%
1995 OBPCraig Biggio
66.7%
1995 OPSMike Piazza
65.1%
1996 Intentional WalksMike Piazza
65.1%
2004 Intentional WalksJim Thome
65.1%
1992 Intentional WalksF. McGriff/W. Clark
62.7%
Hint Answer % Correct
1990 MVP VotingBobby Bonilla
61.1%
1992 WalksFred McGriff
59.5%
1993 SluggingAndres Galarraga
58.7%
1993 OPSAndres Galarraga
58.7%
1992 SluggingGary Sheffield
57.1%
1992 OPSGary Sheffield
57.1%
1996 WalksGary Sheffield
57.1%
1991 OPSWill Clark
55.6%
1994 Intentional WalksTony Gwynn
54.8%
1992 MVP VotingTerry Pendleton
54%
2002 Intentional WalksVladimir Guerrero
50.8%
2003 Intentional WalksVladimir Guerrero
50.8%
2004 MVP VotingAdrian Beltre
48.4%
1993 Home RunsDavid Justice
46%
1993 RBIDavid Justice
46%
1994 WalksDavid Justice
46%
2006 WalksAdam Dunn
46%
1990 SluggingRyne Sandberg
40.5%
1993 MVP VotingLenny Dykstra
35.7%
2000 WalksBrian Giles
32.5%
2002 WalksBrian Giles
32.5%
2002 OBPBrian Giles
32.5%
2002 SluggingBrian Giles
32.5%
2002 OPSBrian Giles
32.5%
1992 OBPJohn Kruk
25.4%
1993 OBPJohn Kruk
25.4%
1990 OPSEddie Murray
19%
1991 OBPBrett Butler
7.9%
1992 RunsDave Hollins
6.3%
1995 WalksWalt Weiss
5.6%
1995 Intentional WalksJeff Branson
2.4%

You're not logged in!

Compare scores with friends on all Sporcle quizzes.
OR
Log In

You Might Also Like...

Show Comments

Extras

Top Quizzes Today


Score Distribution

Your Account Isn't Verified!

In order to create a playlist on Sporcle, you need to verify the email address you used during registration. Go to your Sporcle Settings to finish the process.

Report this User

Report this user for behavior that violates our Community Guidelines.

Details: